000 01724cam a2200241 4500500
005 20260208005121.0
041 _afre
042 _adc
100 1 0 _aPlanchou, Céline
_eauthor
245 0 0 _aLes mobilisations autochtones dans l’Amérique d’Obama : L’exemple des luttes anti-oléoduc
260 _c2018.
500 _a24
520 _a 
520 _aNative Americans have played a key role in the anti-pipeline movements that have recently increased in the United States. This article aims at understanding the mobilization strategies of Native Americans through the example of the anti-Keystone XL and the anti-DAPL movements. The different alliances, whether with environmental groups or local ranchers and farmers, as well as the choice of Washington D.C. as the focal point of the struggle, thus taking advantage of the executive-legislative tensions, have contributed to the Keystone victory. With the anti-DAPL movement, all eyes were watching the Standing Rock reservation. The struggle was rooted in the land, thus giving substance back to treaty territory. Through the use of social media, non-violent direct action and by performing culture, the actors of the movement insisted on the continued presence of Native Americans in today’s United States.
690 _a#NoDAPL
690 _aAmérindiens
690 _aluttes anti-oléoduc
690 _amobilisations ethnoraciales
690 _amouvements autochtones aux États-Unis
690 _aStanding Rock
786 0 _nRevue française d’études américaines | 152 | 3 | 2018-03-26 | p. 27-41 | 0397-7870
856 4 1 _uhttps://shs.cairn.info/revue-francaise-d-etudes-americaines-2017-3-page-27?lang=fr&redirect-ssocas=7080
999 _c1650643
_d1650643